000 00607nam a2200241 4500
003 OSt
005 20180116183012.0
008 150909b xxu||||| |||| 00| 0 eng d
020 _a9780074715789
022 _a9780074715789
040 _c0
050 _a657.42
082 _a657.42
100 _aNeish,William.
245 _aManagement Accounting.
_bPrinciples and Applications.
_cWilliam Neish.
250 _a3rd.
260 _aNew York.
_bMcGraw-Hill.
_c2010.
300 _a768p.
500 _aPaper Cover
600 _aNeish,William.
700 _aNeish,William.
942 _2ddc
_cBK
_k657.42
999 _c350301
_d350301